LDR 00531naa#a2200169#i#450# 001 EN\\bibl\120478 005 20260602024852.2 011 ## _a1998-6785 100 ## _a20220321b2022####ek#y0engy0150####ca 102 ## _aRU 200 1# _aTrans-border cooperation within Russia-China strategic partnership _eJournal article 210 1# _aVladivostok _cVladivostok State University _d2022 215 ## _a13 с. 608 ## _aJournal article _2local 675 ## _aОтдельные теории. 336.018 _z 700 #1 _aGubin _gAndrey V. 856 4# _aojkum.editorum.ru _u